[Event "RUS-ch m1-2"]
[Site "Elista"]
[Date "1997.05.19"]
[Round "1.1"]
[White "Dolmatov, Sergey"]
[Black "Potapov, Alexander"]
[Result "1/2-1/2"]
[WhiteElo "2560"]
[BlackElo "2455"]
[Annotator "Wedberg,T"]
[PlyCount "106"]
[EventDate "1997.05.19"]
[EventType "k.o."]
[EventRounds "6"]
[EventCountry "RUS"]
[SourceTitle "CBM 059"]
[Source "ChessBase"]
[SourceDate "1997.08.01"]
[SourceVersion "1"]
[SourceVersionDate "1997.08.01"]
[SourceQuality "1"]

1. e4 e5 2. Nf3 Nc6 3. Bb5 a6 4. Ba4 Nf6 5. O-O b5 6. Bb3 Bb7 7. Re1 Bc5 8. c3
d6 9. d4 Bb6 10. Be3 h6 11. h3 O-O 12. Nbd2 Nd7 13. Nf1 Ne7 14. Ng3 c5 15. Nh4
$5 $146 {Very logical, taking advantage of the weakness f5.} (15. Re2 Qc7 16.
Rd2 Nf6 17. Bc2 Rad8 18. Rc1 Ng6 19. a4 Rfe8 20. d5 c4 $11 {Ljubojevic,
L-Beliavsky,A/Reggio Top15 1991/CBM 22/1/2-1/2 (82)}) 15... Nf6 16. Qf3 c4 17.
Bc2 Ng6 18. Nhf5 d5 19. Rad1 dxe4 20. Nxe4 Nxe4 21. Bxe4 Bxe4 22. Qxe4 exd4 23.
Bxd4 Bxd4 24. Rxd4 Qe8 25. Qb1 Qb8 26. h4 h5 $2 27. Qd1 $1 $16 Re8 28. Rxe8+
Qxe8 29. Qxh5 Rd8 (29... Qe1+ 30. Kh2 Qxf2 31. Qg5 $18 {/\h5}) 30. Rxd8 (30.
Qd1 Rxd4 31. cxd4 $16 {Hellers}) 30... Qxd8 31. Qg4 Qf6 32. Qe4 Ne5 33. f3 g6
34. Nd4 Nd3 35. b3 Nc5 36. Qe8+ Kg7 37. bxc4 bxc4 38. Qe1 Nd3 39. Qe4 Nc5 40.
Qe1 Nd3 41. Qe4 Nc5 42. Qe2 Qxh4 43. Qe5+ Kh7 44. g3 Nd3 45. Qc7 Qg5 46. Qxf7+
Kh6 47. Qf8+ Kh7 48. Qf7+ Kh6 49. Qf8+ Kh7 50. Kh2 Qd2+ 51. Kh3 Qe1 52. Qf7+
Kh6 53. Qf8+ Kh7 1/2-1/2

[Event "Excelsior Cup"]
[Site "Gothenburg"]
[Date "1999.01.09"]
[Round "3"]
[White "Ulybin, Mikhail"]
[Black "Hector, Jonny"]
[Result "1-0"]
[WhiteElo "2552"]
[BlackElo "2542"]
[Annotator "Wedberg,T"]
[PlyCount "53"]
[EventDate "1999.01.07"]
[EventType "tourn"]
[EventRounds "9"]
[EventCountry "SWE"]
[EventCategory "10"]
[SourceTitle "CBM 069"]
[Source "ChessBase"]
[SourceDate "1999.04.01"]
[SourceVersion "1"]
[SourceVersionDate "1999.04.01"]
[SourceQuality "1"]

1. e4 e5 2. Nf3 Nc6 3. Bb5 a6 4. Ba4 Nf6 5. O-O Bc5 6. c3 b5 7. Bc2 d6 8. d4
Bb6 9. h3 O-O 10. Be3 (10. a4 Bd7 11. Bg5 Qe7 12. d5 Na5 13. Nbd2 h6 14. Bh4 c6
$13 {1-0 McShane,L-Hector,J/Copenhagen 1998/CBM 65 ext (41)}) 10... Bb7 11.
Nbd2 Re8 12. d5 (12. Re1 {see Nunn-Hector/Oxford/1998}) 12... Na5 $6 {Tempting
White to take a P - unfortunately he can both take it and keep it.} (12... Ne7
13. Bxb6 cxb6 14. c4 bxc4 15. Nxc4 b5 16. Ne3 Ng6 17. a4 Qb6 $11 {1/2-1/2
Morovic Fernandez,I-Christiansen,L/New York 1997/CBM 57 ext (50)}) 13. b4 $1
Nc4 14. Nxc4 bxc4 15. Nd2 Bxe3 16. fxe3 c6 {Black relies on this counter
against the centre.} 17. Nxc4 cxd5 18. exd5 (18. Na5 Qb6 $132) 18... Qc7 (18...
Bxd5 19. Rxf6 Bxc4 20. Rxd6 $16) (18... Nxd5 19. Bxh7+ $1 Kxh7 20. Qh5+ Kg8 21.
Qxf7+ Kh8 22. Rf5 Nf6 23. Qxb7 $18) 19. Na5 {Threatening to keep his loot with
c4.} Bxd5 $2 {This does not work tactically.} (19... Nxd5 $142 20. Nxb7 Nxe3
21. Bxh7+ (21. Qxd6 Qxb7 22. Bxh7+ Kh8 $13) 21... Kxh7 22. Qd3+ (22. Qxd6 Qxc3
$132) 22... e4 23. Qxe3 Qxb7 24. Rad1 $14) 20. Rxf6 $1 {[%mdl 64]} gxf6 21.
Qxd5 Qxc3 22. Bxh7+ $1 {[%mdl 64] The refutation of Black's play.} Kg7 (22...
Kxh7 23. Qxf7+ Kh8 24. Qxf6+ Kg8 25. Qg5+ Kh8 26. Rd1 $40) 23. Rf1 Qxe3+ 24.
Kh2 e4 25. Nc4 Qe2 26. Rf4 e3 27. Bd3 1-0

[Event "Tilburg"]
[Site "Tilburg"]
[Date "1994.??.??"]
[Round "1"]
[White "Bologan, Viktor"]
[Black "Tkachiev, Vladislav"]
[Result "1/2-1/2"]
[WhiteElo "2600"]
[BlackElo "2535"]
[Annotator "Wedberg,T"]
[PlyCount "60"]
[EventDate "1994.09.??"]
[EventType "k.o."]
[EventRounds "7"]
[EventCountry "NED"]
[SourceTitle "CBM 044"]
[Source "ChessBase"]
[SourceDate "1995.02.01"]
[SourceVersion "1"]
[SourceVersionDate "1995.02.01"]
[SourceQuality "1"]

1. e4 e5 2. Nf3 Nc6 3. Bb5 a6 4. Ba4 Nf6 5. O-O b5 6. Bb3 Bc5 {Not the
Arkhangelsk variation} (6... Bb7 {The Arkhangelsk variation}) 7. c3 (7. Nxe5
Nxe5 8. d4 Bxd4 (8... Qe7 9. dxc5 Qxc5 10. Be3 Qe7 11. Nc3 Bb7 12. f3 O-O 13.
a4 Nc4 14. Bxc4 bxc4 15. Qd4 $14 {Mencinger-Jeraz/Finkenstein/1993}) 9. Qxd4 d6
10. c3 {+/= Hort/ECO}) 7... d6 $1 {N} (7... O-O $6 8. d4 Bb6 9. dxe5 Nxe4 10.
Bd5 {Parma-Velimirovic/Jugoslavia/1963}) 8. d4 Bb6 (8... exd4 9. cxd4 Ba7 10.
Bd5 Bb7 11. Nc3 $16 {Kashdan-Lundin/Stockholm/1930}) 9. Bg5 (9. dxe5 Nxe5 10.
Nxe5 dxe5 11. Qxd8+ Kxd8 12. Bxf7 Rf8 13. Bd5 (13. Bb3 Nxe4 14. Be3 Bxe3 15.
fxe3 Rxf1+ 16. Kxf1 Bb7 $15) 13... Nxd5 14. exd5 Bb7 $13) 9... h6 10. Bh4 g5
11. Bg3 Bg4 $10 12. dxe5 Nxe5 13. Nbd2 (13. Bxe5 Bxf3 14. Qxf3 dxe5 $10) 13...
Nfd7 14. Bd5 Rb8 15. h3 Bh5 16. Bxe5 Nxe5 17. g4 Bg6 18. Nxe5 dxe5 19. Qf3 h5
$1 20. Kg2 hxg4 21. hxg4 Ke7 22. Qg3 Qd6 23. Nf3 c6 24. Bb3 Bc7 25. Rad1 Qf6
26. Rfe1 Rh6 27. Nd4 Rbh8 28. Nf5+ Bxf5 29. exf5 Rh4 30. Rh1 Rxh1 1/2-1/2

[Event "EU-chT (Men) 11th"]
[Site "Pula"]
[Date "1997.05.??"]
[Round "4.2"]
[White "Almasi, Zoltan"]
[Black "Degraeve, Jean Marc"]
[Result "1-0"]
[WhiteElo "2595"]
[BlackElo "2515"]
[Annotator "Wedberg,T"]
[PlyCount "57"]
[EventDate "1997.05.05"]
[EventType "team-swiss"]
[EventRounds "9"]
[EventCountry "CRO"]
[SourceTitle "CBM 057 Extra"]
[Source "ChessBase"]
[SourceDate "1997.05.01"]
[SourceVersion "1"]
[SourceVersionDate "1997.05.01"]
[SourceQuality "1"]
[WhiteTeam "Hungary"]
[BlackTeam "France"]
[WhiteTeamCountry "HUN"]
[BlackTeamCountry "FRA"]

{Zoltan Almasi plays this game in classical style. A logical opening novelty
takes advantage of the peculiarities in the P-structure.} 1. e4 e5 2. Nf3 Nc6
3. Bb5 a6 4. Ba4 Nf6 5. O-O Bc5 6. c3 b5 7. Bb3 d6 8. a4 {The main point of
this move is nicely demonstrated in this game. As long as Black has the
possibility Bg4, White wants to wait with d4. So in a way a4 is a waiting move,
but its an active one.} (8. d4 {This plays into Blacks hands} Bb6 9. Bg5 h6 10.
Bh4 g5 11. Bg3 Bg4 $10 {1/2-1/2 Bologan,V-Tkachiev,V/Tilburg 1994/CBM 44/
[Wedberg] (30)} (11... O-O 12. Nbd2 exd4 13. cxd4 Nxd4 14. Nxd4 Bxd4 15. Nf3
Bb6 16. Qc2 Nh5 17. Bd5 Nxg3 18. hxg3 Rb8 19. e5 $13 {1/2-1/2 Polgar,J-Adams,M/
Dos Hermanas 1995/CBM 47 (41)})) 8... Bg4 (8... Bb7 9. d4 (9. d3) 9... Bb6 10.
Bg5 h6 11. Bxf6 Qxf6 12. Bd5 O-O 13. Na3 $14 {Wahls,M-Stern,R/GER-ch Binz 1995/
EXP 50/1-0 (61)}) (8... Rb8 {might be the best move here} 9. d4 Bb6 10. axb5
axb5 11. dxe5 (11. Na3 Bg4 (11... Ba6 12. Re1 O-O 13. Bg5 h6 14. Bh4 b4 15. Nc2
Bc8 16. Ba4 Ne7 17. dxe5 dxe5 18. Nxb4 $16 {1-0 Almasi,Z-Zvjaginsev,V/Wijk op
1995/CBM 46 (28)} (18. Nxb4 Qxd1 19. Bxd1 Bb7 20. Nxe5 g5 21. Bg3 Nxe4 22. Nd7
Ra8 23. Bf3 f5 24. Bxe4 fxe4 25. Nxf8 Rxf8 26. Re2 h5 27. Rd1 h4 28. Bxc7 Bxc7
29. Rd7 {1-0 Almasi,Z-Zvjaginsev,V/Wijk op 1995/CBM 46})) 12. Nxb5 O-O 13. Be3
(13. Bc2 Bxf3 (13... d5 14. Bg5 exd4 15. cxd4 Bxf3 16. Qxf3 Bxd4 17. exd5 Qxd5
18. Qxd5 Nxd5 19. Nxd4 Nxd4 20. Be4 Nf6 21. Bxf6 gxf6 22. Ra7 $14 {Topalov,
V-Shirov,A/Wijk 1996/CBM 51_08/1/2-1/2 (53)}) 14. Qxf3 exd4 15. Bg5 h6 16. Bh4
dxc3 17. bxc3 Ne5 18. Qe2 Ng6 $11 {1/2-1/2 Polgar,J-Shirov,A/Ciudad de Linares
XIV 1997/CBM 57 (24)}) 13... exd4 14. cxd4 Qe8 15. Ba4 Nxe4 16. Nc3 Nxc3 17.
bxc3 Qe4 $13 {1/2-1/2 Almasi,Z-Onischuk,A/Wijk op 1995/CBM 46 (38)}) 11... Nxe5
12. Nxe5 dxe5 13. Qxd8+ Kxd8 14. Bg5 Ke7 $11 {Mela,J-Godena,M/Geneve op 1996/
EXP 51/0-1 (59)}) 9. h3 Bh5 10. d3 {d4 is still the plan, but first White is
going to get of rid of the pin on Nf3 by means of Re1, Nbd2-f1-g3.} Rb8 11.
axb5 axb5 12. Re1 $146 {A very logical novelty. White should of course carry
out his plan of playing the N to g3.} (12. Be3 Bxe3 13. fxe3 Bxf3 $6 (13... Nd7
$10 {Shirov}) 14. Qxf3 O-O 15. Nd2 $14 {0-1 Leko,P-Shirov,A/Tilburg Fontys
1996/CBM 56/[Shirov] (89)}) 12... h6 13. Nbd2 g5 $6 {This flank action is
dubious. White always has the forceful center counter d4 at his disposal.} (
13... O-O 14. Nf1 b4 15. Bc4 Re8 16. Ng3 Bg6 $14) 14. g4 $1 Qc8 (14... Bxg4 15.
hxg4 Nxg4 16. d4 $18) (14... Bg6 15. Nf1 {/\Ng3-f5}) 15. Nh2 (15. gxh5 $2 Qxh3
16. d4 g4 17. Nh2 exd4 $40) 15... Bg6 16. Ndf1 Nd8 17. d4 $16 Bb6 18. Ng3 Ne6
19. Nf3 Nf4 20. Bxf4 gxf4 21. Nf5 Nxe4 $6 (21... Bxf5 22. exf5 e4 23. Nd2 d5
24. Qf3 $16) 22. Rxe4 Bxf5 23. gxf5 Qxf5 24. Qd3 $1 $18 Kf8 (24... Qxh3 25.
Nxe5 $1 $18) 25. Kh2 Rg8 26. Qe2 b4 27. Bc2 bxc3 28. bxc3 exd4 29. cxd4 1-0

[Event "Dubai op 6th"]
[Site "Dubai"]
[Date "2004.04.27"]
[Round "8"]
[White "Goloshchapov, Alexander"]
[Black "Mamedyarov, Shakhriyar"]
[Result "1/2-1/2"]
[WhiteElo "2569"]
[BlackElo "2657"]
[Annotator "Wedberg,T"]
[PlyCount "65"]
[EventDate "2004.04.19"]
[EventType "swiss"]
[EventRounds "9"]
[EventCountry "UAE"]
[SourceTitle "CBM 101"]
[Source "ChessBase"]
[SourceDate "2004.07.27"]
[SourceVersion "1"]
[SourceVersionDate "2004.07.27"]
[SourceQuality "1"]

1. e4 e5 2. Nf3 Nc6 3. Bb5 a6 4. Ba4 Nf6 5. O-O b5 6. Bb3 Bc5 7. c3 d6 8. d4
Bb6 9. a4 Rb8 10. axb5 axb5 11. Na3 O-O 12. Nxb5 exd4 13. cxd4 Bg4 14. Ra3 d5
$5 {More direct than the alternative:} (14... Re8 15. Re1 d5 16. e5 Ne4 17. Be3
Ba5 (17... Na5 18. Ba2 c6 19. Nc3 $16 {1-0 Naiditsch,A-De Vreugt,D/Istanbul
2003/CBM 96 (26)}) 18. Na7 Bxf3 19. gxf3 (19. Qxf3 $5 Nxd4 20. Bxd4 Bxe1 21.
Nc6 Qd7 22. Nxb8 Rxb8 23. Ra7 Bb4 24. Ba4 Qe7 25. Qe3 h6 (25... Ng5 $5 {
[%cal Yg5e6]}) 26. Bc6 $14 {1/2-1/2 Galkin,A-Prokopchuk,E/Moscow 2002/CBM 88/
[Wedberg] (56)}) 19... Bxe1 20. fxe4 Nxa7 21. Rxa7 dxe4 22. Ba4 Bxf2+ 23. Bxf2
Qg5+ $14 {1/2-1/2 Anand,V-Tkachiev,V/Moscow 2001/CBM 86 (48)}) 15. exd5 Nxd5
$14 {Black is a P down, but White's position is not well organized. For the
moment Black at least has some compensation for the material.} 16. h3 Bh5 17.
Re1 (17. g4 {creates yet another weakness.} Bg6 18. Bg5 f6 19. Bf4 Bf7 20. Bg3
Re8 21. Nc3 Na5 $13 {1/2-1/2 Kotronias,V-Magai,V/Bled 2002/EXT 2003 (73)})
17... Ba5 18. Bxd5 Qxd5 19. Nc3 Qd6 20. d5 Bxc3 21. bxc3 Ne5 22. g4 Nxf3+ 23.
Qxf3 Bg6 24. c4 {White has consolidated a plus, but the opposite coloured B:s
and White's weakened K still doesn't make it a clear that he should be able to
win.} Qc5 25. Rae3 (25. Qf4) 25... Qxc4 26. Rc3 Qa2 27. Rxc7 Rb3 28. Re3 (28.
Be3 Rd3 $11) 28... Rxe3 29. Bxe3 Qa8 $2 {Passive.} (29... Qa3 $5 30. Qf4 Qd3 {
[%cal Yg6e4,Yd3d1] to play against the White K.}) 30. Kg2 (30. Bc5 $1 Rd8 31.
Ra7 Qc8 32. Be7 Qc1+ 33. Kh2 Rb8 34. d6 $18) 30... Rd8 31. Kg3 f6 32. Bd4 Rd6
33. Qc3 (33. Qc3 Qxd5 $11) 1/2-1/2

[Event "EU-ch 5th"]
[Site "Antalya"]
[Date "2004.05.21"]
[Round "6"]
[White "Parligras, Mircea Emilian"]
[Black "Neubauer, Martin"]
[Result "1-0"]
[WhiteElo "2549"]
[BlackElo "2418"]
[Annotator "Wedberg,T"]
[PlyCount "55"]
[EventDate "2004.05.15"]
[EventType "swiss"]
[EventRounds "13"]
[EventCountry "TUR"]
[SourceTitle "CBM 101"]
[Source "ChessBase"]
[SourceDate "2004.07.27"]
[SourceVersion "1"]
[SourceVersionDate "2004.07.27"]
[SourceQuality "1"]

1. e4 e5 2. Nf3 Nc6 3. Bb5 a6 4. Ba4 Nf6 5. O-O b5 6. Bb3 Bb7 7. c3 Nxe4 8. d4
Na5 9. Bc2 exd4 10. Nxd4 c5 11. Nf5 d5 12. Nd2 g6 13. Ng3 Nxg3 (13... Be7 14.
Ndxe4 dxe4 15. Qe2 O-O 16. Bxe4 Qc7 17. Qf3 Bxe4 18. Nxe4 Qc6 19. Bh6 f5 $11 {
1/2-1/2 Karjakin,S-Hector,J/Wijk aan Zee 2003/CBM 93 (50)}) (13... f5 14. Nxf5
Nxd2 15. Bxd2 gxf5 16. Bxf5 Qh4 17. g3 Rg8 18. Qe2+ Be7 19. Qe6 Rg7 20. Bh6 Qf6
21. Bxg7 Qxg7 22. b4 $18 {1-0 Van den Doel,E-Kishnev,S/Belgium 2003/EXT 2004 
(34)}) 14. fxg3 Bg7 $146 (14... Be7 15. Nf3 d4 16. Bh6 Nc4 17. cxd4 cxd4 18.
Bb3 Qb6 19. Re1 $13 {1/2-1/2 Acs,P-Beliavsky,A/Hungary 1998/EXT 2000 (42)}) 15.
Re1+ Kf8 16. Nf3 Nc4 17. Qe2 Kg8 18. a4 h6 19. Qe7 Qxe7 $6 {With a R on the
seventh in this position White cannot be anything but better.} (19... Bf8 $142
20. Qxd8 Rxd8 21. axb5 axb5 22. Ra7 Rd7) 20. Rxe7 Bc8 21. axb5 Bf8 22. Re8 $1
Nd6 23. Rd8 Nxb5 24. Ba4 $1 {Black's position is split into two camps - now
the only active piece is drivan back.} Na7 25. Bd7 Kg7 26. Rxa6 Bxa6 27. Rxa8
Bb5 $4 (27... c4 $8 $16) 28. Rxa7 1-0

[Event "Olympiad-31"]
[Site "Moscow"]
[Date "1994.12.06"]
[Round "6.3"]
[White "Popovic, Petar"]
[Black "Onischuk, Alexander"]
[Result "1/2-1/2"]
[WhiteElo "2530"]
[BlackElo "2585"]
[Annotator "Wedberg,T"]
[PlyCount "64"]
[EventDate "1994.12.01"]
[EventType "team-swiss"]
[EventRounds "14"]
[EventCountry "RUS"]
[SourceTitle "CBM 045"]
[Source "ChessBase"]
[SourceDate "1995.04.01"]
[SourceVersion "1"]
[SourceVersionDate "1995.04.01"]
[SourceQuality "1"]
[WhiteTeam "Serbia & Montenegro"]
[BlackTeam "Ukraine"]
[WhiteTeamCountry "YUG"]
[BlackTeamCountry "UKR"]

1. e4 e5 2. Nf3 Nc6 3. Bb5 a6 4. Ba4 Nf6 5. O-O b5 6. Bb3 Bc5 7. c3 d6 8. d4 (
8. Re1 $5 Bg4 (8... Bb7 9. d4) 9. d3 {/\Nbd2-f1-g3, h3 ->Ye Jiangchuan-Yurtaev,
L/Moscow olm/1994/ ;CBM 45}) 8... Bb6 9. Be3 (9. Bg5 h6 10. Bh4 g5 11. Bg3 Bg4
$10) 9... Bg4 10. dxe5 (10. d5 $5) 10... dxe5 11. Bxb6 cxb6 12. Nbd2 O-O $10
13. h3 Bxf3 14. Nxf3 Qc7 15. Qe2 Na5 16. Bc2 Rfd8 17. Rfd1 Nc4 18. Bd3 Rd7 19.
a4 Rad8 20. axb5 axb5 21. b3 Nb2 $1 22. Qxb2 Rxd3 23. Rxd3 Rxd3 24. Ra8+ Rd8
25. Rxd8+ Qxd8 26. Qe2 Qe8 27. Qe3 Qe6 28. Qd3 g6 29. b4 Qc4 30. Qxc4 bxc4 31.
Nxe5 Nxe4 32. Nxc4 b5 1/2-1/2

[Event "Nikolaev zt"]
[Site "Nikolaev"]
[Date "1995.??.??"]
[Round "10"]
[White "Kruppa, Yuri"]
[Black "Onischuk, Alexander"]
[Result "1-0"]
[WhiteElo "2555"]
[BlackElo "2590"]
[Annotator "Wedberg,T"]
[PlyCount "107"]
[EventDate "1995.03.??"]
[EventType "swiss"]
[EventRounds "11"]
[EventCountry "UKR"]
[SourceTitle "CBM 047"]
[Source "ChessBase"]
[SourceDate "1995.08.01"]
[SourceVersion "1"]
[SourceVersionDate "1995.08.01"]
[SourceQuality "1"]

1. e4 e5 2. Nf3 Nc6 3. Bb5 a6 4. Ba4 Nf6 5. O-O b5 6. Bb3 Bc5 7. Nxe5 Nxe5 8.
d4 Bxd4 9. Qxd4 d6 10. c4 $5 (10. a4 $2 c5 11. Qe3 O-O 12. axb5 c4 13. Ba2 axb5
$17 {Dutreeuw,M-Motwani,P/Moscow ol/1994}) (10. Qd1 O-O 11. Bg5 h6 12. Bxf6
Qxf6 13. Nc3 c6 14. Ne2 a5 $132 {Adams,M-Tkachiev,V/Wijk/1995}) (10. f4 c5 11.
Qc3 (11. Qd1 {Ivanchuk,V-Anand,V/Riga Tal (09)/1995}) 11... Nxe4 12. Qe1 Bb7
13. Nc3 Nxc3 14. Bxf7+ Kxf7 15. fxe5+ Kg8 16. bxc3 $10 {Akopjan,V-Malanjuk,V/
Moscow ol/1994}) (10. c3 Bb7 11. f3 O-O $10 {Stefansson,H-Malanjuk,V/Moscow ol/
1994}) 10... c5 11. Qd1 O-O (11... bxc4 12. Bxc4 Nxc4 13. Qa4+ Bd7 14. Qxc4 $14
) 12. cxb5 axb5 13. Bg5 c4 14. Bc2 b4 15. Nd2 Ba6 16. Re1 Ng6 17. Nf1 h6 18.
Bd2 Rb8 19. Ng3 Ne5 20. h3 $14 {/\->, ><d6} Re8 21. Nf5 Bc8 22. Nd4 Bd7 23. Be3
Qa5 24. f3 (24. f4 $6 Nd3 $1 $132) 24... Qa6 25. Bf2 Rbc8 26. Kh1 Nh5 27. Be3
d5 $4 (27... Nf6) 28. f4 $18 dxe4 29. fxe5 Rxe5 30. Ne2 Bc6 31. Qd6 Qa5 32. Bb6
Qd5 33. Rad1 Qxd6 34. Rxd6 f5 35. Bd4 Ra5 36. g4 fxg4 37. hxg4 Nf6 38. Bxf6
gxf6 39. Nd4 Ba8 40. Nf5 Rc7 41. Rxf6 Rd7 42. Rg6+ Kf7 43. Rd6 Rda7 44. Rb6
Rxa2 45. Nd6+ Kg7 46. Nxc4 Ra1 47. Rxa1 Rxa1+ 48. Kh2 Re1 49. Kg3 Re2 50. Bb3
e3 51. Nd6 Kf6 52. Nf5+ Kg5 53. Nh4 Be4 54. Bd5 1-0

[Event "Corus-B"]
[Site "Wijk aan Zee"]
[Date "2003.01.11"]
[Round "1"]
[White "De Vreugt, Dennis"]
[Black "Hector, Jonny"]
[Result "0-1"]
[WhiteElo "2504"]
[BlackElo "2570"]
[Annotator "Wedberg,T"]
[PlyCount "50"]
[EventDate "2003.01.14"]
[EventType "tourn"]
[EventRounds "13"]
[EventCountry "NED"]
[EventCategory "13"]
[SourceTitle "CBM 093"]
[Source "ChessBase"]
[SourceDate "2003.04.01"]
[SourceVersion "1"]
[SourceVersionDate "2003.04.01"]
[SourceQuality "1"]

1. e4 e5 2. Nf3 Nc6 3. Bb5 a6 4. Ba4 Nf6 5. O-O b5 6. Bb3 Bb7 7. Re1 Bc5 8. c3
d6 9. d4 Bb6 10. Be3 O-O 11. Nbd2 h6 12. h3 Re8 13. Qb1 Nb8 14. Bc2 (14. a4
Nbd7 15. Qa2 Qe7 16. dxe5 dxe5 17. Bxb6 cxb6 18. a5 bxa5 19. Qxa5 Nc5 20. Bc2
Rac8 21. Qb4 Qc7 $15 {1-0 Timman,J-Hector,J/Malmo 2002/CBM 90_01 (52)}) 14...
Nbd7 {Hector has a long record in this line. I know from my own experience
that it´s not easy to find anything for White here. Black simply threatens to
liquidate the centre with d6-d5. In the positions that follows Black is
certainly not worse.} 15. b4 $146 {A new try, but It doesn´t seem to change
the situation much since Black plays the standard break anyway.} (15. b3 d5 16.
dxe5 Bxe3 17. Rxe3 Nxe5 18. Nxe5 Rxe5 (18... dxe4 $1 $11) 19. Nf3 Re8 20. e5
Ne4 21. Qe1 $14 {1-0 Rowson,J-Hector,J/York 2000/CBM 81 (38)}) (15. a4 d5 16.
dxe5 Bxe3 17. Rxe3 Nxe5 18. Nxe5 dxe4 $1 $11 {1/2-1/2 Wedberg,T-Hector,J/Malmo
2002/CBM 90/[Wedberg] (29)}) 15... d5 16. dxe5 dxe4 $5 {[%mdl 8] A new idea.
White is tempted to take a P.} (16... Bxe3 {is the standard method tried
alread by Hector.} 17. Rxe3 Nxe5 18. Nxe5 dxe4 $1 $11) 17. Nxe4 (17. exf6 exf3
18. Bh7+ Kh8 19. fxg7+ Kxg7 20. Nxf3 Bxf3 21. gxf3 Bxe3 22. fxe3 Qh4 23. Re2
Nf6 24. Bf5 Kh8 25. e4 Nh5 $40) 17... Nxe5 $36 {White has a misplaced Q and
slightly inferior pieces.} 18. Nxe5 Rxe5 19. Rd1 (19. Bxb6 cxb6 20. Nxf6+ Qxf6
21. Rxe5 Qxe5 22. Qe1 Qg5 $17) (19. Bf4 Rxe4 $1 20. Bxe4 Nxe4 21. Rxe4 Qd5 $1
$19) 19... Qe7 20. Bc5 Bxc5 21. Nxc5 Bc6 22. Qc1 $2 (22. Bd3 $142 {[%cal Yd3f1]
}) 22... Rg5 $1 $40 {[%mdl 128] White is severely punished for his lax play.
The attack is already close to winning.} 23. g3 Qe2 $1 $19 {[%cal Yg5g3,Re2g2]}
24. Rd3 (24. Qf4 Qxc2 $19) 24... Rxc5 $1 25. bxc5 Ne4 (25... Ne4 26. Qf4 Qxc2
$19) 0-1

[Event "Belgrade"]
[Site "Belgrade"]
[Date "1993.??.??"]
[Round "4"]
[White "Kotronias, Vasilios"]
[Black "Mozetic, Dejan"]
[Result "1-0"]
[WhiteElo "2590"]
[BlackElo "2580"]
[Annotator "Wedberg,T"]
[PlyCount "73"]
[EventDate "1993.??.??"]
[EventType "tourn"]
[EventRounds "9"]
[EventCountry "YUG"]
[EventCategory "16"]
[SourceTitle "CBM 039"]
[Source "ChessBase"]
[SourceDate "1994.04.01"]
[SourceVersion "1"]
[SourceVersionDate "1994.04.01"]
[SourceQuality "1"]

1. e4 e5 2. Nf3 Nc6 3. Bb5 a6 4. Ba4 Nf6 5. O-O b5 6. Bb3 Bb7 7. c3 Nxe4 8. d4
Na5 9. Nxe5 Nxb3 10. Qxb3 Nd6 (10... Qf6 11. f3 Nc5 12. Ng4 $1 (12. Qc2 Ne6 13.
Nd2 d6 14. Ne4 Qd8 15. Nd3 Be7 {=/Barczay-Panczyk/Naleczow 1983}) 12... Nxb3
13. Nxf6+ gxf6 {+/=/Gdanski-Volzhin/Oakham/1992/1-0/64} (13... Ke7 $2 14. Bg5
$1 {+/-/Hall-Colinsson/Oakham/1992/1-0/22  -> CBM 30})) 11. Re1 (11. c4 Qf6 12.
Nc3 Qe6 13. Nd5 O-O-O 14. Nf4 Qe8 15. c5 Nf5 16. Be3 f6 {<=>/Lauk-Sepp/Vilnius/
1993}) 11... Be7 12. Nd2 O-O 13. a4 Rb8 14. axb5 axb5 15. Nf1 b4 (15... Kh8 $5
{/\f6}) 16. c4 Nf5 17. Qd3 Nh4 18. d5 $14 d6 19. Nc6 Bxc6 20. dxc6 Bf6 21. Ra7
Ng6 22. Qe4 Ne5 23. Qd5 Qe8 24. Re4 Qxc6 $4 25. Rxe5 $18 Qb6 26. Be3 c5 27.
Ree7 Bxe7 28. Rxe7 Rbe8 29. Rd7 Rd8 30. Rb7 Qa6 31. Bg5 Rb8 32. Rd7 Qa8 33. Qf5
Rb7 34. Rxd6 Qa2 35. Qd5 Ra7 36. Be3 Qb1 37. Rd8 1-0

[Event "Dortmund SuperGM 26th"]
[Site "Dortmund"]
[Date "1998.06.27"]
[Round "2"]
[White "Almasi, Zoltan"]
[Black "Beliavsky, Alexander G"]
[Result "1-0"]
[WhiteElo "2630"]
[BlackElo "2690"]
[Annotator "Wedberg,T"]
[PlyCount "85"]
[EventDate "1998.06.26"]
[EventType "tourn"]
[EventRounds "9"]
[EventCountry "GER"]
[EventCategory "18"]
[SourceTitle "CBM 066"]
[Source "ChessBase"]
[SourceDate "1998.09.30"]
[SourceVersion "1"]
[SourceVersionDate "1998.09.30"]
[SourceQuality "1"]

{This anti-Arkhangelsk line works well for White right now. The move 12.Nd2 is
the key to White's success. Here it is masterfully played by it's inventor.} 1.
e4 e5 2. Nf3 Nc6 3. Bb5 a6 4. Ba4 Nf6 5. O-O b5 6. Bb3 Bb7 7. c3 Nxe4 8. d4 Na5
9. Bc2 exd4 10. Nxd4 c5 11. Nf5 Qf6 12. Nd2 d5 (12... Qxf5 13. Nxe4 Qd5 {
1/2-1/2 Onischuk,A-Lin Weiguo/Beijing 1998 (52)/CBM66}) 13. Nxe4 dxe4 14. Ng3
Be7 15. Nxe4 $14 Qc6 16. Qh5 Nc4 $146 (16... Qg6 17. Qe2 Qe6 18. Re1 h6 19.
Nxc5 $16 {1-0 Yurtaev,L-Mozaliov,S/Smolensk 1997/EXP 58 (27)}) (16... g6 17.
Qe5 f6 18. Qg3 O-O 19. f3 $1 (19. b3 f5 $1 20. Ng5 f4 21. Qg4 Bc8 $13) 19...
Rfe8 20. Nf2 $6 (20. Bf4 $1 $14) 20... Bd6 $1 $11 {1/2-1/2 Leko,P-Mozetic,D/
Tilburg 1993/CBM 39/[Leko] (37)}) 17. b3 g6 18. Qh3 Nd6 19. Re1 O-O 20. Bf4 $1
(20. Nxc5 $6 Qxc5 21. Rxe7 Rae8 22. Rxe8 Rxe8 $132) 20... Nf5 21. Ng5 Bxg5 22.
Bxg5 {Now Black is doomed because of his weaknesses on the black squares.} Ng7
23. Be7 Rfc8 24. Rad1 $16 {White has everything - it's probably already +-.}
Qb6 25. Re3 Re8 26. Qh6 Nh5 27. Re5 Ng7 28. Rd6 (28. Bxc5 $18) 28... Rxe7 (
28... Qc7 29. Bf6 Nh5 30. Qxh7+ Kxh7 31. Rxh5+ Kg8 32. Rh8#) 29. Rxb6 Rxe5 30.
h3 Bd5 31. Qf4 Re2 32. Rb8+ Rxb8 33. Qxb8+ Ne8 34. Bd3 Re1+ 35. Kh2 c4 36. bxc4
bxc4 37. Qd8 Bxg2 38. Bxc4 Bc6 39. Qc8 Rh1+ 40. Kg3 Rg1+ 41. Kf4 Ba4 42. Bb3
g5+ 43. Kf3 1-0